• 首页
  • 本馆介绍
  • 公告通知
  • 最新文献
  • 馆藏检索
  • 电子资源
  • 读者导购
  • 参考咨询
  • 我的图书馆
  • 登录
  • 详细信息显示
  • 放入我的书架
  • 预约/预借图书
  • 作者相关作品
  • 分类相关作品
  • 丛书相关作品
  • 出版社相关作品

书目信息

  • 表格格式
  • 工作单格式
  • 卡片格式
题名:
外文美术字荟萃
    
 
作者: 王弘力 编
分册:  
出版信息: 沈阳   辽宁美术出版社  2002.01
页数: 330页
开本: 26cm
丛书名:
单 册:
中图分类: J293
科图分类:
主题词: 书法 , 篆刻
电子资源:
ISBN: 7-5314-2892-X
000 00585nam0 2200217 450
001 0751523704
005 20071215155403.92
010    @a7-5314-2892-X@dCNY45.00
100    @a20071120d2002 km y0chiy0120 ea
101 0  @achi
102    @aCN@b210000
200 1  @a外文美术字荟萃@Awai wen mei shu zi hui cui@f王弘力编@Fwang hong li bian
210    @a沈阳@c辽宁美术出版社@d2002.01
215    @a330页@d26cm
606 0  @a书法
606 0  @a篆刻
690    @aJ293@v4
701  0 @a王弘力@Awang hong li@4编
801  0 @aCN@bNISOFT@c20071215
905    @aBZT@dJ293@e4
906    @dCNY45.00@n0@r1
    
    外文美术字荟萃/王弘力编.-沈阳:辽宁美术出版社,2002.01
    330页;26cm
    
    
    ISBN 7-5314-2892-X:CNY45.00
    
●
相关链接 在五车中查询图书 在当当中查询图书 在豆瓣中查询图书


正题名:外文美术字荟萃     索取号:J293/4         预约/预借

序号 登录号 条形码 馆藏地/架位号 状态 备注
1 606895   2000606895   中心书库中库/ 中库018架B面6列3层3/ [索取号:J293/4] 在馆    
2 606896   2000606896   中心书库中库/ 中库018架B面6列3层5/ [索取号:J293/4] 在馆    
3 606897   2000606897   中心书库中库/ 中库018架B面6列3层1/ [索取号:J293/4] 在馆    
4 606898   2000606898   中心书库中库/ 中库018架A面4列2层45/ [索取号:J293/4] 在馆    
5 606899   2000606899   中心书库中库/ 中库019架B面4列4层3/ [索取号:J293/4] 在馆    
6 606900   2000606900   中心书库中库/ 中库018架B面6列3层6/ [索取号:J293/4] 在馆    
7 606901   2000606901   中心书库中库/ 中库017架B面2列5层1/ [索取号:J293/4] 在馆    
8 606902   2000606902   中心书库中库/ 中库018架B面6列3层7/ [索取号:J293/4] 在馆    
9 606903   2000606903   中心书库中库/ 中库018架B面6列3层4/ [索取号:J293/4] 在馆    
10 606904   2000606904   中心书库中库/ 中库018架B面6列3层2/ [索取号:J293/4] 在馆    
山东省滨州职业学院图书馆 欢迎您!
大连网信软件有限公司© 版权所有